000 00787nam a22002177a 4500
008 111219t xxu||||| |||| 00| 0 eng d
020 _a9780324259162
020 _a0324259166
050 _aHB615.M83
100 _aMorris, Michael H.
245 _aCorporate entrepreneurship and innovation /
_cMichael H. Morris, Donald F. Kuratko and Jeffrey G. Covin.
250 _a2nd ed.
260 _aU.S.A:
_bSouth-Western,
_cc2008.
300 _axvi,432 p.
_bill.
_c25cm.
500 _aIncludes index
505 _aContents: Building blocks for corporate entrepreneurship -- Creating the entrepreneurial organization -- Achieving and sustaining entrepreneurial performance.
650 _aEntrepreneurship.
700 _aKuratko, Donald F.
700 _aCovin, Jeffrey G.
942 _2lcc
_cBK
999 _c433
_d7933